|
|
|
|
| LEADER |
00826nab a2200217 i 4500 |
| 001 |
acta55903 |
| 005 |
20250626155759.0 |
| 008 |
181204s2018 hu o 000 hun d |
| 022 |
|
|
|a 1419-0222
|
| 024 |
7 |
|
|a 10.14232/belv.2018.2.8
|2 doi
|
| 040 |
|
|
|a SZTE Egyetemi Kiadványok Repozitórium
|b hun
|
| 041 |
|
|
|a hun
|
| 100 |
1 |
|
|a Halmágyi Miklós
|
| 245 |
1 |
0 |
|a Emlékezés Makk Ferencre
|h [elektronikus dokumentum] :
|b in memoriam Ferenc Makk /
|c Halmágyi Miklós
|
| 260 |
|
|
|a Belvedere Meridionale
|b Szeged
|c 2018
|
| 300 |
|
|
|a 147-149
|
| 490 |
0 |
|
|a Belvedere Meridionale
|v 30 No. 2
|
| 650 |
|
4 |
|a Bölcsészettudományok
|
| 650 |
|
4 |
|a Történettudomány és régészet
|
| 695 |
|
|
|a Makk Ferenc, Történettudomány - magyar - 20-21. sz.
|
| 856 |
4 |
0 |
|u http://acta.bibl.u-szeged.hu/55903/1/belvedere_2018_002_147-149.pdf
|z Dokumentum-elérés
|